MARC details
| 000 -CABECERA |
| campo de control de longitud fija |
01070nam a2200301 a 4500 |
| 003 - IDENTIFICADOR DEL NÚMERO DE CONTROL |
| campo de control |
MX-MxUPN |
| 005 - FECHA Y HORA DE LA ÚLTIMA TRANSACCIÓN |
| campo de control |
20250808063909.0 |
| 008 - ELEMENTOS DE LONGITUD FIJA--INFORMACIÓN GENERAL |
| campo de control de longitud fija |
991125s1900 mx br 000 0 spa d |
| 035 ## - NÚMERO DE CONTROL DEL SISTEMA |
| Número de control de sistema |
UPN01000013218 |
| 040 ## - FUENTE DE LA CATALOGACIÓN |
| Centro catalogador/agencia de origen |
MX-MxUPN |
| Lengua de catalogación |
spa |
| Centro/agencia transcriptor |
MX-MxUPN |
| 041 ## - CÓDIGO DE IDIOMA |
| Código de lengua del texto/banda sonora o título independiente |
spa |
| 050 #4 - SIGNATURA TOPOGRÁFICA DE LA BIBLIOTECA DEL CONGRESO |
| Número de clasificación |
LB1589 M6.1 |
| Número de documento/Ítem |
P33 |
| 100 1# - ASIENTO PRINCIPAL--NOMBRE PERSONAL |
| Nombre de persona |
Oscoy, Andrés |
| 9 (RLIN) |
31054 |
| 100 1# - ASIENTO PRINCIPAL--NOMBRE PERSONAL |
| Nombre de persona |
Paluzié, José |
| 9 (RLIN) |
51922 |
| 245 10 - MENCIÓN DE TÍTULO |
| Título |
Curso elemental de problemas y ejercicios de aritmética : |
| Resto del título |
instructivos y divertidos : primero y segundo año |
| 246 14 - FORMA VARIANTE DE TÍTULO |
| Título propio/Titulo breve |
Problemas primero y segundo años |
| 260 ## - PUBLICACIÓN, DISTRIBUCIÓN, ETC. |
| Lugar de publicación, distribución, etc. |
México : |
| Nombre del editor, distribuidor, etc. |
Herrero Hermanos Editores, |
| Fecha de publicación, distribución, etc. |
1900. |
| 300 ## - DESCRIPCIÓN FÍSICA |
| Extensión |
75 páginas |
| 490 0# - MENCIÓN DE SERIE |
| Mención de serie |
Biblioteca de la juventud escolar |
| 500 ## - NOTA GENERAL |
| Nota general |
"con cuestiones sobre industria, comercio, etc." |
| 650 #4 - ASIENTO SECUNDARIO DE MATERIA - TERMINO TEMATICO |
| Término de materia o nombre geográfico como elemento de entrada |
Aritmética |
| Subdivisión general |
Estudio y enseñanza (Elemental) |
| 9 (RLIN) |
5289 |
| 650 #4 - ASIENTO SECUNDARIO DE MATERIA - TERMINO TEMATICO |
| Término de materia o nombre geográfico como elemento de entrada |
Matemáticas |
| Subdivisión general |
Estudio y enseñanza (Elemental) |
| 9 (RLIN) |
2809 |
| 650 #4 - ASIENTO SECUNDARIO DE MATERIA - TERMINO TEMATICO |
| Término de materia o nombre geográfico como elemento de entrada |
Matemáticas |
| Subdivisión de forma |
Libros de texto |
| 9 (RLIN) |
19875 |
| 650 #4 - ASIENTO SECUNDARIO DE MATERIA - TERMINO TEMATICO |
| Término de materia o nombre geográfico como elemento de entrada |
Aritmética |
| 9 (RLIN) |
44734 |
| Subdivisión de forma |
Libros de texto |
| 902 ## - ELEMENTOS DE DATOS B LOCAL, LDB (RLIN) |
| Modificó |
MaríaRobles/130524 |
| 905 ## - TIPO DE MATERIAL |
| Tipo de material |
Libro |
| 942 ## - ELEMENTOS DE PUNTO DE ACCESO ADICIONAL (KOHA) |
| Fuente del sistema de clasificación o colocación |
Library of Congress Classification |
| Tipo de ítem Koha |
Libro |
| Suprimir en OPAC |
No |